Les noms de Mammifères par lettres -B - Statistiques

Statistiques générales
  • Ce quiz a été pris 122 fois
  • Le résultat moyen est 9 sur 25
Statistiques - réponses
Par images Réponse % Correct
Baleine
99%
Babouin
96%
Bison
95%
Buffle
92%
Belette
91%
Béluga
88%
Blaireau
84%
Bonobo
75%
Bouquetin
64%
Babiroussa
30%
Bongo
16%
Binturong
15%
Boto
11%
Bubale
10%
Bérardie / Baleine à bec
8%
Banteng
6%
Bharal
6%
Bandicoot
4%
Barasingha
4%
Betongie
3%
Bilby / Bandicoot-lapin
2%
Bassaris
1%
Beira
1%
Brachytèle
1%
Barbastelle
0%
Aucun quiz correspondant
Distribution des résultats
% des personnes avec chaque résultat
Percentile par nombre de réponses
Votre historique - résultats
Vous n’avez pas pris ce quiz